000 01497nam0a2200397 4500
001 RU\NLR\BIBL_A\012404545
005 20201214150720.0
010 _a978-5-901848-33-3
_93000
021 _aRU
_bКН-П-20-044602
_9КН-П-20-3406
035 _a(NLR Aleph) 012404545
035 _a(RuMoRGB)010389229
090 _a11742419
_c11742419
100 _a20201116d2020 k y0rusy50 ca
101 0 _arus
102 _aRU
105 _ac|||z|||000zy
181 0 _ai
_baxxe
182 0 _an
200 1 _aИзбранные интервью и статьи
_fБури Каримов
203 _aТекст
_bвизуальный
_cнепосредственный
210 _aМосква
_cМПК
_cИнтрансдорнаука
_d2020
215 _a221, [2] с.
_cпортр.
_d21
300 _aВ вып. дан. авт.: Бури Каримов (Хокирох)
309 _aНа корешке: 21
600 1 _aКаримов
_bБ.Б.
_gБури Бачабекович
_f1957
_xИнтервью
_2nlr_sh2
_3RU\NLR\AUTH\6601679262
686 1 _aТ3(5Тад)74-8,014
686 1 _aШ5(2=Тад)7-4Каримов
686 1 _aО311д(2)Каримов
686 2 _aШ6(2=Тад)7-4
700 1 _aКаримов
_bБ. Б.
_f1957-
_gБури Бачабекович
_3RU\NLR\AUTH\7798694
942 _cBOOK
980 _aNB